书目信息 |
| 题名: |
中外建筑史
|
|
| 作者: | 袁新华 主编 ;赵秋菊 , 吴书雷 副主编 | |
| 分册: | ||
| 出版信息: | 北京 北京大学出版社 2009.09 |
|
| 页数: | 284页 | |
| 开本: | 26cm | |
| 丛书名: | 21世纪全国高职高专建筑设计专业技能型规划教材 | |
| 单 册: | ||
| 中图分类: | TU-091 | |
| 科图分类: | ||
| 主题词: | 建筑史--jian zhu shi--世界--高等学校--技术学校--教材 | |
| 电子资源: | ||
| ISBN: | 978-7-301-15606-3 | |
| 000 | 01209nam0 2200277 450 | |
| 001 | 01CN04678086@CSLN | |
| 005 | 20100608142720.95 | |
| 010 | @a978-7-301-15606-3@dCNY30.00 | |
| 100 | @a20100515d2009 em y0chiy50 ea | |
| 101 | 0 | @achi |
| 102 | @aCN@b110000 | |
| 105 | @aaf a 000yy | |
| 200 | 1 | @a中外建筑史@Azhong wai jian zhu shi@f袁新华主编@g赵秋菊, 吴书雷副主编@Gzhao qiu ju,wu shu lei fu zhu bian |
| 210 | @a北京@c北京大学出版社@d2009.09 | |
| 215 | @a284页@c图@d26cm | |
| 225 | 2 | @a21世纪全国高职高专建筑设计专业技能型规划教材@A21 shi ji quan guo gao zhi gao zhuan jian zhu she ji zhuan ye ji neng xing gui hua jiao cai |
| 320 | @a有书目 (第283-284页) | |
| 330 | @a本书共分20讲,叙述了中外建筑的起源与发展情况,对中国古建筑发展、古建筑特征、各建筑类型、近现代建筑和国外各历史阶段最具代表性的建筑风格、建筑流派、代表人物与代表作品进行了详细的阐述和分析。 | |
| 410 | 0 | @12001 @a21世纪全国高职高专建筑设计专业技能型规划教材 |
| 606 | 0 | @a建筑史@Ajian zhu shi@y世界@x高等学校@x技术学校@j教材 |
| 690 | @aTU-091@v4 | |
| 701 | 0 | @a袁新华@Ayuan xin hua@4主编 |
| 702 | 0 | @a赵秋菊@Azhao qiu ju@4副主编 |
| 702 | 0 | @a吴书雷@Awu shu lei@4副主编 |
| 801 | 0 | @aCN@c20100515 |
| 905 | @dTU-091@eY910@f3 | |
| 中外建筑史/袁新华主编/赵秋菊, 吴书雷副主编.-北京:北京大学出版社,2009.09 |
| 284页:图;26cm.-(21世纪全国高职高专建筑设计专业技能型规划教材) |
| ISBN 978-7-301-15606-3:CNY30.00 |
| 本书共分20讲,叙述了中外建筑的起源与发展情况,对中国古建筑发展、古建筑特征、各建筑类型、近现代建筑和国外各历史阶段最具代表性的建筑风格、建筑流派、代表人物与代表作品进行了详细的阐述和分析。 |
| ● |
| 相关链接 |
|
|
|
正题名:中外建筑史
索取号:TU-091/Y910
 
预约/预借
| 序号 | 登录号 | 条形码 | 馆藏地/架位号 | 状态 | 备注 |